000 00761cam a22002773a 4500
001 3609
003 PGUSA
005 20140828083035.0
008 030101s2003||||xxu|||||s|||||000 1 eng d
040 _aPGUSA
_beng
042 _adc
050 4 _aPR
100 1 _aCross, Victoria,
_d1868-1952
245 1 0 _aTo-morrow?
_h[electronic resource] /
_cVictoria Cross
260 _bProject Gutenberg,
_c2003
506 _aPublic domain in the USA.
516 _aElectronic text
653 _aAuthors -- Fiction
653 _aMan-woman relationships -- Fiction
653 _aCousins -- Fiction
653 _aPainters -- Fiction
740 0 _aTomorrow?
830 0 _aProject Gutenberg
_v3609
856 4 0 _uhttp://www.gutenberg.org/ebooks/3609
942 _cEB
999 _c232938
_d232938